000 00530nam a22001457a 4500
005 2012040702532.0
020 _a0195671775
_c295.00
035 _aB-106890
037 _aDPL
_bENG
245 _aMuslim Shrines in India :
_bTheir character, history and significance /
_cedited by Christian W. Troll
260 _aNew Delhi
_bOxford University Press
_c2004
300 _axxxii, 327p.
_c22 cms.
942 _2ddc
_cEN
_h270
_mMUS
999 _c64739
_d64739